[Event "GER-chT Seniors 17th"]
[Site "Berlin"]
[Date "2008.08.31"]
[Round "1"]
[White "Nautsch, Werner"]
[Black "Stippekohl, Peter"]
[Result "1-0"]
[WhiteElo "2277"]
[BlackElo "2138"]
[PlyCount "93"]
[EventDate "2008.08.31"]
[EventType "team-swiss"]
[EventRounds "7"]
[EventCountry "GER"]
[SourceTitle "CBM 126 Extra"]
[Source "ChessBase"]
[SourceDate "2008.11.05"]
[SourceVersion "1"]
[SourceVersionDate "2008.11.05"]
[SourceQuality "1"]

1. d4 d6 2. e4 Nf6 3. Nc3 g6 4. Be2 Bg7 5. f4 0-0 6. Nf3 c6 7. 0-0 d5 8. e5 Ne4 9. Nxe4 dxe4 10. Ng5 f5 11. Bc4+ Kh8 12. Be3 Qe8 13. c3 b5 14. Bb3 e6 15. a4 h6 16. Nh3 Bb7 17. Qe2 Na6 18. Rfc1 Nc7 19. Bd1 Rf7 20. axb5 cxb5 21. d5 Bxd5 22. Bxa7 Bf8 23. Bd4 Bc4 24. Qf2 Qc8 25. Qg3 Kh7 26. Bc2 Ra6 27. Qe1 Qb7 28. Rxa6 Nxa6 29. Nf2 Bc5 30. Bxc5 Nxc5 31. Qe3 Qa7 32. Rd1 Nb3 33. Qxa7 Rxa7 34. h4 Na1 35. Bb1 e3 36. Nd3 e2 37. Re1 Nb3 38. Kf2 Ra1 39. Bc2 Ra2 40. Bxb3 Bxb3 41. Rxe2 Bc4 42. Nc1 Ra1 43. Rc2 Bd5 44. Ne2 Rd1 45. Nd4 Be4 46. Re2 Bd3 47. Re1 1-0

[Event "Berlin Kreuzberg op"]
[Site "Berlin"]
[Date "2007.07.20"]
[Round "6"]
[White "Jahnz, Fabian"]
[Black "Stippekohl, Peter"]
[Result "1-0"]
[WhiteElo "2167"]
[BlackElo "2155"]
[PlyCount "58"]
[EventDate "2007.07.20"]
[EventType "swiss"]
[EventRounds "9"]
[EventCountry "GER"]
[SourceTitle "EXT 2008"]
[Source "ChessBase"]
[SourceDate "2007.11.25"]
[SourceVersion "1"]
[SourceVersionDate "2007.11.25"]
[SourceQuality "1"]

1. e4 e5 2. Nf3 Nc6 3. Bc4 Nf6 4. d3 Bc5 5. c3 Qe7 6. Qe2 Na5 7. Bb5 a6 8. Ba4 b5 9. Bc2 Nc6 10. Bg5 d6 11. Nbd2 h6 12. Bh4 Bd7 13. Nf1 g5 14. Bg3 Nh5 15. 0-0-0 Nf4 16. Bxf4 gxf4 17. d4 Bb6 18. h3 Qf6 19. Qd2 0-0-0 20. Qd3 Rhg8 21. Rh2 Kb7 22. a4 exd4 23. axb5 axb5 24. Nxd4 Ne5 25. Qe2 Bxd4 26. cxd4 f3 27. Qe3 fxg2 28. dxe5 gxf1Q 29. exf6 Qc4 1-0

[Event "Berlin op 09"]
[Site "Berlin"]
[Date "2006.10.08"]
[Round "9"]
[White "Dimitrijeski, Kristian"]
[Black "Stippekohl, Peter"]
[Result "0-1"]
[WhiteElo "2104"]
[BlackElo "2177"]
[PlyCount "108"]
[EventDate "2006.09.30"]
[EventType "swiss"]
[EventRounds "9"]
[EventCountry "GER"]
[SourceTitle "EXT 2007"]
[Source "ChessBase"]
[SourceDate "2006.11.23"]
[SourceVersion "1"]
[SourceVersionDate "2006.11.23"]
[SourceQuality "1"]

1. d4 Nf6 2. Bg5 d5 3. Bxf6 exf6 4. e3 c6 5. c4 Qb6 6. Qb3 Be6 7. Nc3 dxc4 8. Bxc4 Qxb3 9. axb3 b5 10. Bxe6 fxe6 11. Nge2 a5 12. 0-0 Bb4 13. Rfc1 Na6 14. e4 Nc7 15. Na2 Kd7 16. Nxb4 axb4 17. f3 Rxa1 18. Rxa1 Kc8 19. Kf2 Kb7 20. Ke3 Na6 21. Nf4 Re8 22. Nd3 Kb6 23. f4 Re7 24. g4 c5 25. dxc5+ Nxc5 26. Nxc5 Kxc5 27. Ra6 e5 28. f5 Rd7 29. h4 Rd1 30. Ra7 Re1+ 31. Kd3 Rd1+ 32. Ke2 Rh1 33. h5 Kd4 34. Rxg7 Kxe4 35. g5 Rh2+ 36. Kd1 Kd3 37. Ke1 Ke3 38. Kf1 Rxh5 39. gxf6 Rxf5+ 40. Ke1 h5 41. f7 e4 42. Rh7 h4 43. Rxh4 Rxf7 44. Rh3+ Rf3 45. Rh5 Kd4 46. Rxb5 Rxb3 47. Kd2 Rxb2+ 48. Kc1 Rb3 49. Kc2 Rc3+ 50. Kb2 Rc4 51. Kb3 Kd3 52. Re5 Rd4 53. Rh5 e3 54. Rh3 Ke2 0-1

[Event "Nord West Cup 08th"]
[Site "Bad Zwischenahn"]
[Date "2006.02.03"]
[Round "2"]
[White "Meijers, Viesturs"]
[Black "Stippekohl, Peter"]
[Result "1-0"]
[WhiteElo "2529"]
[BlackElo "2175"]
[PlyCount "55"]
[EventDate "2006.02.02"]
[EventType "swiss"]
[EventRounds "7"]
[EventCountry "GER"]
[SourceTitle "EXT 2007"]
[Source "ChessBase"]
[SourceDate "2006.11.23"]
[SourceVersion "1"]
[SourceVersionDate "2006.11.23"]
[SourceQuality "1"]

1. e4 e5 2. Nf3 Nc6 3. Bb5 a6 4. Bxc6 dxc6 5. 0-0 Qd6 6. d3 f6 7. Be3 Be6 8. Nbd2 0-0-0 9. d4 h6 10. c4 g5 11. d5 Bf7 12. b4 Ne7 13. Bc5 Qd7 14. a4 Ng6 15. Bxf8 Rhxf8 16. b5 cxd5 17. bxa6 bxa6 18. cxd5 Nf4 19. Qc2 Qg4 20. g3 Rg8 21. Kh1 Bh5 22. Rfc1 Rg7 23. Qc4 Rd6 24. Ra3 Nh3 25. Qc5 Kd8 26. Rb3 Rgd7 27. Qe3 Re7 28. Rb8+ 1-0

[Event "Berlin Lichtenrade op 02nd"]
[Site "Berlin"]
[Date "2005.10.07"]
[Round "7"]
[White "Stippekohl, Peter"]
[Black "Meister, Jakob"]
[Result "0-1"]
[WhiteElo "2166"]
[BlackElo "2503"]
[PlyCount "106"]
[EventDate "2005.10.01"]
[EventType "swiss"]
[EventRounds "9"]
[EventCountry "GER"]
[SourceTitle "CBM 108 Extra"]
[Source "ChessBase"]
[SourceDate "2005.11.04"]
[SourceVersion "1"]
[SourceVersionDate "2005.11.04"]
[SourceQuality "1"]

1. Nf3 Nf6 2. c4 e6 3. e3 b6 4. b3 Bb7 5. Bb2 Be7 6. Be2 0-0 7. 0-0 d5 8. d3 c5 9. Nbd2 Nc6 10. a3 Qc7 11. Rc1 Rac8 12. Qc2 Qb8 13. Qb1 Rfd8 14. Rfd1 h6 15. Qa1 Ne8 16. Ne5 Nxe5 17. Bxe5 Bd6 18. Nf3 Bxe5 19. Nxe5 d4 20. Nf3 Nf6 21. e4 Nd7 22. Ne1 f5 23. exf5 exf5 24. Bf3 Ne5 25. Bxb7 Qxb7 26. b4 Rd6 27. bxc5 bxc5 28. Rb1 Rb6 29. Rxb6 axb6 30. Rb1 Ra8 31. Rb3 Re8 32. h3 Re6 33. Qd1 Ng6 34. Kf1 Qe7 35. Rb1 Qd6 36. Kg1 Nf4 37. Qf3 Ne2+ 38. Kh1 Nc3 39. Ra1 Qe5 40. Qa8+ Kh7 41. Nf3 Qf6 42. a4 Re2 43. a5 bxa5 44. Rxa5 Nd1 45. Ra6 Qf7 46. Qd8 Nxf2+ 47. Kh2 Nxd3 48. Ra8 Qe6 49. Qh8+ Kg6 50. Nh4+ Kh5 51. Qxg7 Qd6+ 52. Qg3 Qxg3+ 53. Kxg3 f4+ 0-1

[Event "Berlin Lichtenrade op 02nd"]
[Site "Berlin"]
[Date "2005.10.03"]
[Round "3"]
[White "Stippekohl, Peter"]
[Black "Langrock, Hannes"]
[Result "1-0"]
[WhiteElo "2166"]
[BlackElo "2432"]
[PlyCount "101"]
[EventDate "2005.10.01"]
[EventType "swiss"]
[EventRounds "9"]
[EventCountry "GER"]
[SourceTitle "CBM 108 Extra"]
[Source "ChessBase"]
[SourceDate "2005.11.04"]
[SourceVersion "1"]
[SourceVersionDate "2005.11.04"]
[SourceQuality "1"]

1. Nf3 e6 2. c4 b6 3. g3 Bb7 4. Bg2 Nf6 5. d4 Be7 6. Nc3 Ne4 7. Qc2 Nxc3 8. Qxc3 0-0 9. 0-0 c5 10. Be3 d6 11. Rfd1 Nd7 12. Ne1 Bxg2 13. Kxg2 Nf6 14. f3 cxd4 15. Bxd4 Qc7 16. Rac1 Rfd8 17. e4 Rac8 18. Qd2 Qb7 19. b3 Rc7 20. Qe3 Ne8 21. Nd3 Rdc8 22. Bb2 Qa6 23. a4 Qb7 24. h4 Nf6 25. Nf4 Rc6 26. g4 Ne8 27. g5 a6 28. Ne2 R6c7 29. Nd4 Rc5 30. Kh3 Qd7 31. Kg3 Qb7 32. f4 e5 33. Nf5 exf4+ 34. Qxf4 Bf8 35. Ne3 b5 36. axb5 axb5 37. Bd4 R5c6 38. Qg4 bxc4 39. bxc4 R6c7 40. h5 Re7 41. Nd5 Re6 42. Rf1 Nc7 43. Rxf7 Kxf7 44. Qf5+ Kg8 45. Rf1 Qb8 46. Qf7+ Kh8 47. h6 Re5 48. Bxe5 dxe5 49. Ne7 Qb3+ 50. Rf3 Qxf3+ 51. Kxf3 1-0

[Event "Oberliga Nord O 0304"]
[Site "Germany"]
[Date "2004.04.25"]
[Round "9.5"]
[White "Stippekohl, Peter"]
[Black "Pueschel, Werner"]
[Result "0-1"]
[WhiteElo "2179"]
[BlackElo "2157"]
[PlyCount "78"]
[EventDate "2003.10.12"]
[EventType "team-tourn"]
[EventRounds "9"]
[EventCountry "GER"]
[SourceTitle "EXT 2005"]
[Source "ChessBase"]
[SourceDate "2004.11.15"]
[SourceVersion "1"]
[SourceVersionDate "2004.11.15"]
[SourceQuality "1"]
[WhiteTeam "Rehberge"]
[BlackTeam "Schwedt"]
[WhiteTeamCountry "GER"]
[BlackTeamCountry "GER"]

1. Nf3 Nf6 2. c4 e6 3. d4 c5 4. Nc3 a6 5. e3 Qc7 6. Be2 b6 7. 0-0 d6 8. b3 Be7 9. Bb2 0-0 10. Rc1 Bb7 11. Qc2 Nc6 12. Rfd1 Rad8 13. Qb1 Qb8 14. e4 Nxd4 15. Nxd4 cxd4 16. Rxd4 Qa8 17. Bf3 Nd7 18. Re1 Ne5 19. Be2 Qc8 20. Rdd1 f5 21. f3 Qc5+ 22. Kh1 Bh4 23. Rf1 fxe4 24. Nxe4 Qe3 25. Qc2 Ng4 26. Bd4 Bxe4 27. Qxe4 Nf2+ 28. Rxf2 Qxe4 29. fxe4 Bxf2 30. Bc3 a5 31. Bg4 e5 32. g3 Bc5 33. Kg2 Rf2+ 34. Kh3 Rdf8 35. a4 R8f6 36. Bd2 Rf1 37. Be1 Rh6+ 38. Kg2 Rg1+ 39. Kf3 Rxh2 0-1

[Event "Oberliga Nord O 0203"]
[Site "Germany"]
[Date "2002.10.20"]
[Round "1.4"]
[White "Stippekohl, Peter"]
[Black "Kleeschaetzky, Ralf"]
[Result "1/2-1/2"]
[WhiteElo "2189"]
[BlackElo "2188"]
[PlyCount "74"]
[EventDate "2002.10.20"]
[EventType "team-tourn"]
[EventRounds "9"]
[EventCountry "GER"]
[SourceTitle "EXT 2009"]
[Source "ChessBase"]
[SourceDate "2008.11.26"]
[SourceVersion "1"]
[SourceVersionDate "2008.11.26"]
[SourceQuality "1"]
[WhiteTeam "Rehberge "]
[BlackTeam "Oberschoeneweide"]
[WhiteTeamCountry "GER"]
[BlackTeamCountry "GER"]

1. Nf3 Nf6 2. c4 c5 3. e3 g6 4. b3 Bg7 5. Bb2 0-0 6. Be2 b6 7. 0-0 Bb7 8. d4 e6 9. Nc3 Na6 10. Qd2 d6 11. Rfd1 Nc7 12. a4 a5 13. Nb5 Nxb5 14. axb5 Ne4 15. Qc2 Qe7 16. dxc5 Nxc5 17. Bxg7 Kxg7 18. b4 axb4 19. Rxa8 Rxa8 20. Qb2+ Qf6 21. Qxb4 Ra2 22. Rd2 Ra4 23. Qb2 Ra1+ 24. Bf1 Be4 25. Nd4 Ra8 26. f3 Bb7 27. Ne2 Qxb2 28. Rxb2 Kf6 29. Rd2 Ke7 30. Nf4 Ra3 31. Kf2 g5 32. Nd3 Nxd3+ 33. Bxd3 h6 34. e4 e5 35. Be2 Bc8 36. g4 Be6 37. Rc2 Ra1 1/2-1/2

[Event "Oberliga Nord O 0102"]
[Site "Germany"]
[Date "2002.02.24"]
[Round "6.6"]
[White "Stippekohl, Peter"]
[Black "Guth, Thomas"]
[Result "1-0"]
[WhiteElo "2185"]
[BlackElo "2250"]
[PlyCount "74"]
[EventDate "2001.10.07"]
[EventType "team-tourn"]
[EventRounds "9"]
[EventCountry "GER"]
[SourceTitle "EXT 2002"]
[Source "ChessBase"]
[SourceDate "2001.11.25"]
[SourceVersion "1"]
[SourceVersionDate "2001.11.25"]
[SourceQuality "1"]
[WhiteTeam "Rehberge"]
[BlackTeam "Berlin Rotation"]
[WhiteTeamCountry "GER"]
[BlackTeamCountry "GER"]

1. d4 e6 2. Nf3 Nf6 3. c4 c5 4. e3 cxd4 5. exd4 d6 6. Nc3 Be7 7. Be2 b6 8. 0-0 0-0 9. Re1 Nbd7 10. Bf4 Bb7 11. Bd3 a6 12. Rc1 Rc8 13. Qe2 Re8 14. h3 Nf8 15. Bh2 d5 16. cxd5 exd5 17. Bxa6 Bb4 18. Qd3 Rxe1+ 19. Rxe1 Bxa6 20. Qxa6 Ne4 21. Bf4 Bxc3 22. bxc3 Rxc3 23. Rb1 Nd7 24. Qb7 Nef6 25. Ne5 h6 26. Nxd7 Qxd7 27. Qxb6 Qf5 28. Be3 Ne4 29. a4 Kh7 30. Rf1 Qd7 31. Ra1 Rc7 32. a5 Ra7 33. a6 Nd6 34. Bf4 Nc4 35. Qc5 Nb2 36. Bb8 Ra8 37. a7 g6 1-0

[Event "Oberliga Nord O 0001"]
[Site "Germany"]
[Date "2001.??.??"]
[Round "?"]
[White "Stippekohl, Peter"]
[Black "Wuttke, Stefan"]
[Result "1-0"]
[WhiteElo "2195"]
[BlackElo "2095"]
[PlyCount "39"]
[EventDate "2000.10.??"]
[EventType "team-tourn"]
[EventRounds "9"]
[EventCountry "GER"]
[SourceTitle "EXT 2004"]
[Source "ChessBase"]
[SourceDate "2003.11.25"]
[SourceVersion "1"]
[SourceVersionDate "2003.11.25"]
[SourceQuality "1"]

1. d4 d5 2. c4 c6 3. e3 Nf6 4. Nf3 Bf5 5. Nbd2 e6 6. Be2 Bd6 7. 0-0 0-0 8. b3 Nbd7 9. Bb2 Ne4 10. Qc1 Qe7 11. a4 Rac8 12. Ba3 Nxd2 13. Nxd2 Nf6 14. Bxd6 Qxd6 15. Qa3 Qd7 16. Rac1 a6 17. b4 dxc4 18. Nxc4 Qe7 19. Bf3 Bd3 20. Qxd3 1-0

[Event "Bad Woerishofen op 17th"]
[Site "Bad Woerishofen"]
[Date "2001.??.??"]
[Round "6"]
[White "Taschner, Peter"]
[Black "Stippekohl, Peter"]
[Result "1/2-1/2"]
[WhiteElo "2011"]
[BlackElo "2195"]
[PlyCount "87"]
[EventDate "2001.03.15"]
[EventType "swiss"]
[EventRounds "9"]
[EventCountry "GER"]
[SourceTitle "CBM 081 Extra"]
[Source "ChessBase"]
[SourceDate "2001.05.06"]
[SourceVersion "1"]
[SourceVersionDate "2001.05.06"]
[SourceQuality "1"]

1. e4 c6 2. d4 d5 3. e5 Bf5 4. Nf3 e6 5. Be2 c5 6. 0-0 Nc6 7. c3 cxd4 8. cxd4 Nge7 9. Nh4 Bg6 10. Be3 Nf5 11. Nxf5 Bxf5 12. Bd3 Bxd3 13. Qxd3 Be7 14. a3 0-0 15. b4 a5 16. b5 Na7 17. Nc3 Qb6 18. Rfb1 Rfc8 19. Na4 Qd8 20. Rb3 b6 21. g3 Rc4 22. Nb2 Rc7 23. Rc1 Rac8 24. Rxc7 Qxc7 25. Na4 Bd8 26. Rc3 Qd7 27. Rxc8 Qxc8 28. Nb2 Qc7 29. Bd2 Be7 30. a4 f6 31. f4 fxe5 32. fxe5 Nc8 33. Kf2 Bf8 34. Ke2 Qf7 35. Qf3 Qg6 36. Nd3 Ne7 37. g4 Qe8 38. Nf4 Ng6 39. Ng2 Bb4 40. Bg5 Qc8 41. Qd3 Nh8 42. Kd1 Nf7 43. Be3 g6 44. Qc2 1/2-1/2

[Event "Oberliga Nord O 0001"]
[Site "Germany"]
[Date "2001.??.??"]
[Round "?"]
[White "Welz, Peter"]
[Black "Stippekohl, Peter"]
[Result "1-0"]
[WhiteElo "2165"]
[BlackElo "2195"]
[PlyCount "113"]
[EventDate "2000.10.??"]
[EventType "team-tourn"]
[EventRounds "9"]
[EventCountry "GER"]
[SourceTitle "EXT 2004"]
[Source "ChessBase"]
[SourceDate "2003.11.25"]
[SourceVersion "1"]
[SourceVersionDate "2003.11.25"]
[SourceQuality "1"]

1. e4 c6 2. d4 d5 3. e5 Bf5 4. c4 e6 5. Nc3 Nd7 6. cxd5 cxd5 7. Bd3 Bxd3 8. Qxd3 Ne7 9. Nh3 Nc6 10. 0-0 Be7 11. Ne2 Qb6 12. b3 a5 13. Bg5 Qa6 14. Qf3 h6 15. Bxe7 Nxe7 16. Nhf4 0-0 17. Rac1 Rfc8 18. Ng3 Ng6 19. Nxg6 fxg6 20. Ne2 a4 21. Nf4 Nf8 22. Qg4 axb3 23. Rxc8 Rxc8 24. axb3 Rc3 25. Nxg6 Nxg6 26. Qxg6 Rxb3 27. h4 Rb6 28. h5 Qa3 29. g4 Qe7 30. Rc1 Rc6 31. Rxc6 bxc6 32. Kg2 Qf7 33. f4 Qxf4 34. Qxe6+ Qf7 35. Qxc6 Kh7 36. Qc8 Qa7 37. Qc2+ Kh8 38. Qc8+ Kh7 39. Qc2+ Kg8 40. Qd2 Qa4 41. Kg3 Qb3+ 42. Kf4 Qb1 43. Qe3 Kf7 44. Kg3 Ke6 45. Qc3 Qg1+ 46. Kf3 Kd7 47. Qe3 Qd1+ 48. Kg3 Ke6 49. Qf2 Ke7 50. Qb2 Qd3+ 51. Kf2 Qe4 52. Qb7+ Ke8 53. Qc8+ Ke7 54. Qc7+ Ke8 55. Qc6+ Ke7 56. Qd6+ Ke8 57. Qg6+ 1-0

[Event "Oberliga Nord O 0001"]
[Site "Germany"]
[Date "2000.??.??"]
[Round "?"]
[White "Thormann, Wolfgang"]
[Black "Stippekohl, Peter"]
[Result "1-0"]
[WhiteElo "2235"]
[BlackElo "2195"]
[PlyCount "63"]
[EventDate "2000.10.??"]
[EventType "team-tourn"]
[EventRounds "9"]
[EventCountry "GER"]
[SourceTitle "EXT 2004"]
[Source "ChessBase"]
[SourceDate "2003.11.25"]
[SourceVersion "1"]
[SourceVersionDate "2003.11.25"]
[SourceQuality "1"]

1. Nf3 d6 2. d4 g6 3. c3 Nf6 4. Bg5 Bg7 5. Nbd2 h6 6. Bh4 Nbd7 7. e3 g5 8. Bg3 Nh5 9. Bc4 e6 10. Ng1 Ndf6 11. Ne2 a6 12. a4 Bd7 13. a5 Bc6 14. f3 Nxg3 15. hxg3 h5 16. Qc2 Qe7 17. e4 0-0-0 18. Bd3 h4 19. g4 Rdf8 20. b4 d5 21. Rb1 dxe4 22. Nxe4 Nd5 23. b5 axb5 24. Bxb5 Ne3 25. Qd3 Bxb5 26. Qxb5 c6 27. Qd3 Nxg2+ 28. Kf2 f5 29. gxf5 exf5 30. Nc5 g4 31. Rxb7 Qg5 32. Rxg7 1-0

[Event "BL2-Nord 9899"]
[Site "Germany"]
[Date "1999.02.21"]
[Round "6.8"]
[White "Stippekohl, Peter"]
[Black "Reyer, Ulli"]
[Result "1-0"]
[WhiteElo "2230"]
[BlackElo "2130"]
[PlyCount "99"]
[EventDate "1998.10.18"]
[EventType "team-tourn"]
[EventRounds "9"]
[EventCountry "GER"]
[SourceTitle "GER-chT2"]
[Source "ChessBase"]
[SourceDate "1999.07.01"]
[SourceVersion "1"]
[SourceVersionDate "1999.07.01"]
[SourceQuality "1"]
[WhiteTeam "Lichtenrade"]
[BlackTeam "Neukloster"]
[WhiteTeamCountry "GER"]
[BlackTeamCountry "GER"]

1. g3 d5 2. Bg2 Nc6 3. d3 e5 4. a3 a5 5. Nf3 Nf6 6. 0-0 Bc5 7. Nc3 d4 8. Na4 Be7 9. c4 0-0 10. h3 Nh5 11. e3 dxe3 12. Bxe3 Bf6 13. Qd2 g6 14. Nc3 Bg7 15. Rad1 Nd4 16. g4 Nxf3+ 17. Bxf3 Nf6 18. d4 exd4 19. Bxd4 c6 20. Qf4 Nd7 21. Kg2 Bxd4 22. Rxd4 Qf6 23. Qxf6 Nxf6 24. Na4 h6 25. Rfd1 Rb8 26. Nb6 Be6 27. b4 axb4 28. axb4 Rfe8 29. b5 cxb5 30. cxb5 Bb3 31. R1d3 Re6 32. Rd6 Ne8 33. Rxe6 Bxe6 34. Nd7 Bxd7 35. Rxd7 Nf6 36. Rxb7 Rxb7 37. Bxb7 Nd7 38. Bc6 Nb6 39. Kf3 Kf8 40. Ke4 Ke7 41. Kd4 Kd6 42. Be8 Ke7 43. Kc5 Na4+ 44. Kb4 Nb6 45. Bc6 Kd6 46. Ka5 Nc4+ 47. Ka6 Kc7 48. Bd5 Ne5 49. f4 Nd3 50. Ka7 1-0